Central Library OPAC University of Rajshahi

Fish hatchery management / (Record no. 36954)

MARC details
000 -LEADER
fixed length control field 00929nam a22003014a 4500
001 - CONTROL NUMBER
control field 36954
003 - CONTROL NUMBER IDENTIFIER
rucl marc code BD-RjUL
005 - DATE AND TIME OF LATEST TRANSACTION
control field 20211209052548.0
008 - FIXED-LENGTH DATA ELEMENTS--GENERAL INFORMATION
fixed length control field 140924s2001 mdua b 001 0 eng
020 ## - INTERNATIONAL STANDARD BOOK NUMBER
International Standard Book Number 1888569263
035 ## - SYSTEM CONTROL NUMBER
System control number (BD-RjUL)
040 ## - CATALOGING SOURCE
Original cataloging agency DLC
Transcribing agency DLC
Language of cataloging eng
Modifying agency BD-RjUL
041 ## - LANGUAGE CODE
Language code of text/sound track or separate title eng
082 00 - DEWEY DECIMAL CLASSIFICATION NUMBER
Classification number 639.311
Edition number 21
Author mark and year FIS 2001
245 00 - TITLE STATEMENT
Title Fish hatchery management /
Statement of responsibility, etc. edited by Gary A. Wedemeyer.
250 ## - EDITION STATEMENT
Edition statement 2nd ed.
260 ## - PUBLICATION, DISTRIBUTION, ETC. (IMPRINT)
Place of publication, distribution, etc. Bethesda, Md. :
Name of publisher, distributor, etc. American Fisheries Society,
Date of publication, distribution, etc. 2001.
300 ## - PHYSICAL DESCRIPTION
Pagination xviii, 733 p. :
Illustrations ill. ;
Size 23 cm.
500 ## - GENERAL NOTE
General note Previous ed. edited by Robert G. Piper ... [et al.].
504 ## - BIBLIOGRAPHY, ETC. NOTE
Bibliography, etc Includes bibliographical references.
650 #0 - SUBJECT ADDED ENTRY--TOPICAL TERM
Topical term or geographic name as entry element Fish hatcheries
General subdivision Management.
9 (RLIN) 112901
Topical term or geographic name as entry element Fish-culture.
9 (RLIN) 112902
700 1# - ADDED ENTRY--PERSONAL NAME
Personal name Wedemeyer, Gary A.
710 2# - ADDED ENTRY--CORPORATE NAME
Corporate name or jurisdiction name as entry element American Fisheries Society.
9 (RLIN) 112904
942 ## - ADDED ENTRY ELEMENTS (KOHA)
Source of classification or shelving scheme Dewey Decimal Classification
Koha item type Books
Holdings
Lost status Source of classification or shelving scheme Damaged status Not for loan Permanent Location Current Location Shelving location Date acquired Source of acquisition Cost, normal purchase price Total Checkouts Full call number Date last seen Copy number Koha item type
  Dewey Decimal Classification   Not For Loan Institute of Biological Sciences (IBSc) Library Institute of Biological Sciences (IBSc) Library   24/09/2014 Karim International 5449.00   639.311 FIS 2001 24/09/2014 C-1 Books